Eat right, don't fight : a practical guide to feeding children from birth to the preschool years (Record no. 405189)

MARC details
000 -LEADER
fixed length control field 00337nam a2200097Ia 4500
082 ## - DEWEY DECIMAL CLASSIFICATION NUMBER
Classification number 649.3 OCON
008 - FIXED-LENGTH DATA ELEMENTS--GENERAL INFORMATION
fixed length control field 210817s9999 xx 000 0 und d
100 ## - MAIN ENTRY--PERSONAL NAME
Personal name O'CONNELL, Jan Sydney (NSW), 2003
9 (RLIN) 96457
245 #0 - TITLE STATEMENT
Title Eat right, don't fight : a practical guide to feeding children from birth to the preschool years
942 ## - ADDED ENTRY ELEMENTS
item type Books

No items available.